000 00351nam a2200133Ia 4500
008 220204s9999 xx 000 0 und d
082 _a581.4
_bCUT;1
100 _aCutter, Elizabeth G
245 0 _aPlant anatomy. Part 1. Cells and tissues
250 _aEd.2
260 _aLondon
_bEdward Arnold
_c1969
490 _aContemporary biology
942 _cBK
999 _c27072
_d27072